THE WORLD'S COMMERCIAL VEHICLES 1830-1964 A RECORD OF 134 YEARS OF COMMERCIAL VEHICLES PRODUCTION (Record no. 566919)
[ view plain ]
| 000 -LEADER | |
|---|---|
| fixed length control field | 00317nam a22001097a 4500 |
| 082 ## - DEWEY DECIMAL CLASSIFICATION NUMBER | |
| Classification number | 629.2223 GEO'W |
| 100 ## - MAIN ENTRY--PERSONAL NAME | |
| Personal name | GEORGANE, G. N |
| 9 (RLIN) | 56529 |
| 245 ## - TITLE STATEMENT | |
| Title | THE WORLD'S COMMERCIAL VEHICLES 1830-1964 A RECORD OF 134 YEARS OF COMMERCIAL VEHICLES PRODUCTION |
| 260 ## - PUBLICATION, DISTRIBUTION, ETC. | |
| Place of publication, distribution, etc. | LONDON |
| Name of publisher, distributor, etc. | TEMPLE |
| Date of publication, distribution, etc. | 1965 |
| 300 ## - PHYSICAL DESCRIPTION | |
| Extent | 122P |
| 942 ## - ADDED ENTRY ELEMENTS (KOHA) | |
| Koha item type | Book |
| Withdrawn status | Lost status | Damaged status | Not for loan | Permanent Location | Current Location | Shelving location | Date acquired | Total Checkouts | Full call number | Barcode | Date last seen | Price effective from | Koha item type |
|---|---|---|---|---|---|---|---|---|---|---|---|---|---|
| College of Electrical & Mechanical Engineering (CEME) | College of Electrical & Mechanical Engineering (CEME) | General Stacks | 07/11/2017 | 629.2223 GEO'W | CEME-4713 | 06/28/2021 | 06/28/2021 | Book |
